|
|
|
|
| LEADER |
00000cam a2200000M 4500 |
| 001 |
JSTOR_on1203927099 |
| 003 |
OCoLC |
| 005 |
20231005004200.0 |
| 006 |
m d |
| 007 |
cr ||||||||||| |
| 008 |
201105s2017 xx o ||| 0 spa d |
| 040 |
|
|
|a YDX
|b eng
|c YDX
|d JSTOR
|d OCLCF
|d OCLCO
|d OCLCQ
|
| 020 |
|
|
|a 9587727460
|q (electronic bk.)
|
| 020 |
|
|
|a 9789587727463
|q (electronic bk.)
|
| 035 |
|
|
|a (OCoLC)1203927099
|
| 037 |
|
|
|a 22573/ctv18kn0ph
|b JSTOR
|
| 050 |
|
4 |
|a KHH2000
|b .P89 2017eb
|
| 082 |
0 |
4 |
|a 344.02
|2 23
|
| 049 |
|
|
|a UAMI
|
| 245 |
0 |
3 |
|a El sistema integral de seguridad social
|h [electronic resource].
|
| 250 |
|
|
|a 3RD ED.
|
| 260 |
|
|
|a [S.l.] :
|b UNIVERSIDAD DEL EXTERNADO,
|c 2017.
|
| 300 |
|
|
|a 1 online resource
|
| 590 |
|
|
|a JSTOR
|b Books at JSTOR All Purchased
|
| 590 |
|
|
|a JSTOR
|b Books at JSTOR Demand Driven Acquisitions (DDA)
|
| 650 |
|
0 |
|a Pensions
|x Law and legislation
|z Colombia.
|
| 650 |
|
0 |
|a Social security
|x Law and legislation
|z Colombia.
|
| 650 |
|
7 |
|a Pensions
|x Law and legislation.
|2 fast
|0 (OCoLC)fst01057108
|
| 650 |
|
7 |
|a Social security
|x Law and legislation.
|2 fast
|0 (OCoLC)fst01123121
|
| 651 |
|
7 |
|a Colombia.
|2 fast
|0 (OCoLC)fst01205916
|
| 856 |
4 |
0 |
|u https://jstor.uam.elogim.com/stable/10.2307/j.ctv18msnkb
|z Texto completo
|
| 938 |
|
|
|a YBP Library Services
|b YANK
|n 301720604
|
| 994 |
|
|
|a 92
|b IZTAP
|